000 00760nac a22002537a 4500
001 BR9700060
003 BR-BrBNA
005 20240105121844.0
008 230509b bl.|||m| |||| 00| 0 por d
040 _aBR-BrBNA
_bpor
_cBiblioteca Nacional de Agricultura
072 _aE16
090 _aE16 BR9700060
110 1 _aConfederacao Nacional da Agricultura, Brasilia, DF (Brasil)
_92518
245 1 _aPerfil da agropecuaria brasileira
260 3 _aBrasilia, DF (Brasil):
_c1996.
300 _a63 p.
490 _aColetanea Estudos Gleba (Brazil)
_vno. 4
_x
650 _aProducao Animal
650 _aProducao Vegetal
650 _aConsumo
650 _aEconomia Agricola
909 _a202312
_bLúcia Elande
_c55
_dLúcia Elande
942 _2AGRIS
_n0
_cMS
999 _c287860
_d287860